<?xml version="1.0" encoding="UTF-8"?>
<record
    xmlns:xsi="http://www.w3.org/2001/XMLSchema-instance"
    xsi:schemaLocation="http://www.loc.gov/MARC21/slim http://www.loc.gov/standards/marcxml/schema/MARC21slim.xsd"
    xmlns="http://www.loc.gov/MARC21/slim">

  <leader>03143cam a22003014a 4500</leader>
  <controlfield tag="001">13915692</controlfield>
  <controlfield tag="003">OSt</controlfield>
  <controlfield tag="005">20220117114408.0</controlfield>
  <controlfield tag="008">050330s2006    mauab    b    001 0 eng  </controlfield>
  <datafield tag="010" ind1=" " ind2=" ">
    <subfield code="a">  2005043868</subfield>
  </datafield>
  <datafield tag="020" ind1=" " ind2=" ">
    <subfield code="a">9781259255458</subfield>
  </datafield>
  <datafield tag="020" ind1=" " ind2=" ">
    <subfield code="a">125925545X</subfield>
  </datafield>
  <datafield tag="040" ind1=" " ind2=" ">
    <subfield code="a">DLC</subfield>
    <subfield code="c">DLC</subfield>
    <subfield code="d">DLC</subfield>
  </datafield>
  <datafield tag="042" ind1=" " ind2=" ">
    <subfield code="a">pcc</subfield>
  </datafield>
  <datafield tag="050" ind1="0" ind2="0">
    <subfield code="a">HB171.5.C78</subfield>
  </datafield>
  <datafield tag="082" ind1="0" ind2="0">
    <subfield code="a">330</subfield>
    <subfield code="2">22</subfield>
  </datafield>
  <datafield tag="100" ind1="1" ind2=" ">
    <subfield code="a">Colander, David C.</subfield>
  </datafield>
  <datafield tag="245" ind1="1" ind2="0">
    <subfield code="a">Economics. /</subfield>
    <subfield code="c">David C. Colander.</subfield>
  </datafield>
  <datafield tag="250" ind1=" " ind2=" ">
    <subfield code="a">10th ed.</subfield>
  </datafield>
  <datafield tag="260" ind1=" " ind2=" ">
    <subfield code="a">New York:</subfield>
    <subfield code="b">McGraw-Hill/Irwin,</subfield>
    <subfield code="c">2017.</subfield>
  </datafield>
  <datafield tag="300" ind1=" " ind2=" ">
    <subfield code="a">xxxii, 849 + [various pagings] :</subfield>
    <subfield code="b">ill. (chiefly col.) ;</subfield>
    <subfield code="c">27 cm.</subfield>
  </datafield>
  <datafield tag="500" ind1=" " ind2=" ">
    <subfield code="a">   Includes bibliographical references and index.</subfield>
  </datafield>
  <datafield tag="505" ind1=" " ind2=" ">
    <subfield code="a">Contents: 1. Introduction: thinking like an economist: Economics and economic reasoning -- The Production possibility model, trade and globalization -- Economic institutions -- Supply and demand -- Using supply and demand -- 2. Microeconomics: the power of traditional economic models: Describing supply and demand: elasticities -- Taxation and government intervention -- Market failure versus government failure -- Politics and economics: the case of agricultural markets -- International economic policy issues: Comparative advantage, exchange rates and globalization -- International trade policy -- Production and cost analysis: Production and cost analysis I -- Production and cost analysis II -- Market structure: Perfect competition -- Monopoly and monopolistic competition -- Oligopoly and antitrust policy -- Real-world competition and technology -- Factor markets: Work and labor market -- Nonwage and asset income: rents, profits and interest -- Who gets what? the distribution of income -- Choice and decision making: The Logic of individual choice: the foundation of supply and demand -- Game theory, strategic decision making and behavioral economics -- Modern economic thinking: Thinking like a modern economist -- Behavioral economics and modern economic policy -- Microeconomic policy, economic reasoning and beyond -- 3. Macroeconomics: Microeconomics basics: Economic growth, business cycles and unemployment -- Measuring and describing the aggregate economy -- Policy models: The Keynesian short-run policy model: demand-side policies -- The Multiplier model -- The Classical long-run policy model: growth and supply-side policies -- Finance, money and the economy: The Financial sector and the economy -- Monetary policy -- Financial crises, panics and unconventional monetary policy -- Taxes, budgets and fiscal policy: Deficits and debt: the austerity debate -- The Fiscal policy dilemma -- Macroeconomic problems: Jobs and unemployment -- Inflation, deflation and macro policy -- International macroeconomic policy issues: International financial policy -- Macro policy in a global setting -- Structural stagnation and globalization -- Macro policy in developing countries --  </subfield>
  </datafield>
  <datafield tag="650" ind1=" " ind2="0">
    <subfield code="a">Economics.</subfield>
  </datafield>
  <datafield tag="906" ind1=" " ind2=" ">
    <subfield code="a">7</subfield>
    <subfield code="b">cbc</subfield>
    <subfield code="c">orignew</subfield>
    <subfield code="d">1</subfield>
    <subfield code="e">ocip</subfield>
    <subfield code="f">20</subfield>
    <subfield code="g">y-gencatlg</subfield>
  </datafield>
  <datafield tag="942" ind1=" " ind2=" ">
    <subfield code="2">lcc</subfield>
    <subfield code="c">BK</subfield>
  </datafield>
  <datafield tag="999" ind1=" " ind2=" ">
    <subfield code="c">8406</subfield>
    <subfield code="d">15906</subfield>
  </datafield>
  <datafield tag="952" ind1=" " ind2=" ">
    <subfield code="0">0</subfield>
    <subfield code="1">0</subfield>
    <subfield code="2">lcc</subfield>
    <subfield code="4">0</subfield>
    <subfield code="7">0</subfield>
    <subfield code="a">WIUC-KL</subfield>
    <subfield code="b">WIUC-KL</subfield>
    <subfield code="c">GEN</subfield>
    <subfield code="d">2019-10-28</subfield>
    <subfield code="o">HB171.5.C78(10e)</subfield>
    <subfield code="p">K/813/813/19</subfield>
    <subfield code="r">2022-01-17 00:00:00</subfield>
    <subfield code="t">1</subfield>
    <subfield code="w">2022-01-17</subfield>
    <subfield code="y">BK</subfield>
  </datafield>
  <datafield tag="952" ind1=" " ind2=" ">
    <subfield code="0">0</subfield>
    <subfield code="1">0</subfield>
    <subfield code="2">lcc</subfield>
    <subfield code="4">0</subfield>
    <subfield code="7">0</subfield>
    <subfield code="a">WIUC-KL</subfield>
    <subfield code="b">WIUC-KL</subfield>
    <subfield code="c">GEN</subfield>
    <subfield code="d">2019-10-28</subfield>
    <subfield code="l">0</subfield>
    <subfield code="o">HB171.5.C781(10e)</subfield>
    <subfield code="p">K/814/814/19</subfield>
    <subfield code="r">2022-01-17 00:00:00</subfield>
    <subfield code="t">2</subfield>
    <subfield code="w">2022-01-17</subfield>
    <subfield code="y">BK</subfield>
  </datafield>
  <datafield tag="952" ind1=" " ind2=" ">
    <subfield code="0">0</subfield>
    <subfield code="1">0</subfield>
    <subfield code="2">lcc</subfield>
    <subfield code="4">0</subfield>
    <subfield code="7">0</subfield>
    <subfield code="a">WIUC-KL</subfield>
    <subfield code="b">WIUC-KL</subfield>
    <subfield code="c">GEN</subfield>
    <subfield code="d">2019-10-28</subfield>
    <subfield code="l">0</subfield>
    <subfield code="o">HB171.5.C782(10e)</subfield>
    <subfield code="p">K/817/817/19</subfield>
    <subfield code="r">2022-01-17 00:00:00</subfield>
    <subfield code="t">3</subfield>
    <subfield code="w">2022-01-17</subfield>
    <subfield code="y">BK</subfield>
  </datafield>
  <datafield tag="952" ind1=" " ind2=" ">
    <subfield code="0">0</subfield>
    <subfield code="1">0</subfield>
    <subfield code="2">lcc</subfield>
    <subfield code="4">0</subfield>
    <subfield code="7">0</subfield>
    <subfield code="a">WIUC-KL</subfield>
    <subfield code="b">WIUC-KL</subfield>
    <subfield code="c">GEN</subfield>
    <subfield code="d">2019-10-28</subfield>
    <subfield code="l">0</subfield>
    <subfield code="o">HB171.5.C783(10e)</subfield>
    <subfield code="p">K/818/818/19</subfield>
    <subfield code="r">2022-01-17 00:00:00</subfield>
    <subfield code="t">4</subfield>
    <subfield code="w">2022-01-17</subfield>
    <subfield code="y">BK</subfield>
  </datafield>
  <datafield tag="952" ind1=" " ind2=" ">
    <subfield code="0">0</subfield>
    <subfield code="1">0</subfield>
    <subfield code="2">lcc</subfield>
    <subfield code="4">0</subfield>
    <subfield code="7">0</subfield>
    <subfield code="a">WIUC-KL</subfield>
    <subfield code="b">WIUC-KL</subfield>
    <subfield code="c">GEN</subfield>
    <subfield code="d">2019-10-28</subfield>
    <subfield code="l">0</subfield>
    <subfield code="o">HB171.5.C784(10e)</subfield>
    <subfield code="p">K/819/819/19</subfield>
    <subfield code="r">2022-01-17 00:00:00</subfield>
    <subfield code="t">5</subfield>
    <subfield code="w">2022-01-17</subfield>
    <subfield code="y">BK</subfield>
  </datafield>
</record>
